[Event "Mecklenburg VP-ch U14"]
[Site "Malchow"]
[Date "2010.02.??"]
[Round "1.3"]
[White "Schreiber, Kevin"]
[Black "Kollberg, Ruben"]
[Result "0-1"]
[WhiteElo "1674"]
[BlackElo "1196"]
[PlyCount "50"]
[EventDate "2010.02.10"]
[EventType "swiss"]
[EventRounds "7"]
[EventCountry "GER"]
[SourceTitle "EXT 2022"]
[Source "ChessBase"]
[SourceDate "2021.10.06"]
[SourceVersion "1"]
[SourceVersionDate "2021.10.06"]
[SourceQuality "1"]

1. d4 Nf6 2. Bf4 d5 3. e3 c5 4. c3 Nc6 5. Bd3 Bg4 6. f3 c4 7. fxg4 cxd3 8. g5 Nd7 9. Qxd3 e5 10. dxe5 Ndxe5 11. Qb5 Bd6 12. Bxe5 Bxe5 13. Qxb7 Rc8 14. Nf3 0-0 15. 0-0 Re8 16. Na3 Bc7 17. Nc2 Qe7 18. Qb5 Qe4 19. Qe2 Bb6 20. Rae1 Ne5 21. Nxe5 Rxe5 22. Rf4 Qxf4 23. Qa6 Qc4 24. Qb7 Qc6 25. Qa6 Bxe3+ 0-1

[Event "Mecklenburg VP-ch U14"]
[Site "Malchow"]
[Date "2010.02.??"]
[Round "3.6"]
[White "Vu, Bingh Nguyen"]
[Black "Kollberg, Ruben"]
[Result "1-0"]
[WhiteElo "1348"]
[BlackElo "1196"]
[PlyCount "103"]
[EventDate "2010.02.10"]
[EventType "swiss"]
[EventRounds "7"]
[EventCountry "GER"]
[SourceTitle "EXT 2022"]
[Source "ChessBase"]
[SourceDate "2021.10.06"]
[SourceVersion "1"]
[SourceVersionDate "2021.10.06"]
[SourceQuality "1"]

1. e4 Nf6 2. Nc3 e5 3. Bc4 Nxe4 4. Qh5 Nd6 5. Qxe5+ Qe7 6. Qxe7+ Bxe7 7. Bb3 0-0 8. Nf3 Na6 9. d4 b6 10. Bf4 Bb7 11. 0-0-0 Bxf3 12. gxf3 Nf5 13. Nd5 Bd6 14. Bxd6 Nxd6 15. Rhg1 Kh8 16. Rde1 Nf5 17. Rg4 c5 18. Bc4 Nb4 19. dxc5 bxc5 20. Nxb4 cxb4 21. Bd3 Nh6 22. Rxb4 g6 23. Rb7 Rae8 24. Rxe8 Rxe8 25. Rxd7 Re1+ 26. Kd2 Rh1 27. c4 Rxh2 28. Ke2 g5 29. c5 g4 30. fxg4 Nxg4 31. Rxf7 Ne5 32. Rxa7 Nxd3 33. Kxd3 Rxf2 34. c6 Rf8 35. b4 h5 36. b5 h4 37. b6 h3 38. b7 h2 39. Ra8 Kg7 40. Rxf8 h1Q 41. b8Q Qd1+ 42. Kc3 Qc1+ 43. Kb3 Qb1+ 44. Ka3 Qd3+ 45. Qb3 Qd6+ 46. Qb4 Qd3+ 47. Ka4 Qc2+ 48. Kb5 Qe2+ 49. Kb6 Qe3+ 50. Qc5 Qe6 51. Ra8 Qf6 52. Qf8+ 1-0